[Event "8e Open de Porticcio"]
[Site "?"]
[Date "2023.07.01"]
[Round "1.1"]
[White "Fedorchuk, Sergey A."]
[Black "Krasenkowa, Elena"]
[Result "1-0"]
[BlackElo "2143"]
[WhiteElo "2589"]
[LiveChessVersion "1.4.6"]

1. e4 {[%clk 1:30:55]} Nf6 {[%clk 1:30:54]} 2. e5 {[%clk 1:31:12]} Nd5
{[%clk 1:31:20]} 3. d4 {[%clk 1:31:15]} e6 {[%clk 1:31:45]} 4. c4
{[%clk 1:23:37]} Nb6 {[%clk 1:32:10]} 5. Nc3 {[%clk 1:21:07]} d5 {[%clk 1:32:35]}
6. exd6 {[%clk 1:19:58]} cxd6 {[%clk 1:33:00]} 7. Nf3 {[%clk 1:20:17]} Be7
{[%clk 1:33:25]} 8. Be2 {[%clk 1:20:30]} Nc6 {[%clk 1:33:32]} 9. Bf4
{[%clk 1:18:13]} g5 {[%clk 1:31:55]} 10. Be3 {[%clk 1:17:21]} Bf6
{[%clk 1:27:45]} 11. Ne4 {[%clk 1:15:27]} h6 {[%clk 1:27:09]} 12. Nxf6+
{[%clk 1:09:36]} Qxf6 {[%clk 1:27:34]} 13. O-O {[%clk 1:07:43]} O-O
{[%clk 1:26:55]} 14. Rc1 {[%clk 1:07:38]} e5 {[%clk 1:25:28]} 15. Rc3
{[%clk 1:04:16]} Bf5 {[%clk 1:20:34]} 16. Qd2 {[%clk 1:00:08]} Rfe8
{[%clk 1:17:58]} 17. d5 {[%clk 0:56:02]} Ne7 {[%clk 1:12:27]} 18. Nxg5
{[%clk 0:49:16]} hxg5 {[%clk 1:12:49]} 19. Bxg5 {[%clk 0:49:36]} Qg7
{[%clk 1:13:15]} 20. Bxe7 {[%clk 0:45:19]} Rxe7 {[%clk 1:13:41]} 21. Rg3
{[%clk 0:45:43]} Bg6 {[%clk 1:14:05]} 22. h4 {[%clk 0:45:59]} Nd7
{[%clk 1:07:14]} 23. h5 {[%clk 0:45:26]} Nc5 {[%clk 1:04:05]} 24. Qg5
{[%clk 0:30:56]} Kf8 {[%clk 1:01:44]} 25. f3 {[%clk 0:31:17]} a5 {[%clk 0:48:24]}
26. hxg6 {[%clk 0:30:18]} fxg6 {[%clk 0:44:22]} 27. Qxg6 {[%clk 0:29:57]} Qxg6
{[%clk 0:44:47]} 28. Rxg6 {[%clk 0:30:20]} Ra6 {[%clk 0:45:13]} 29. f4
{[%clk 0:30:16]} exf4 {[%clk 0:43:57]} 30. Rxf4+ {[%clk 0:28:54]} Rf7
{[%clk 0:43:57]} 31. Rh4 {[%clk 0:15:16]} Rg7 {[%clk 0:40:24]} 32. Rh8+
{[%clk 0:13:11]} Kf7 {[%clk 0:40:50]} 33. Rgh6 {[%clk 0:13:30]} Ke7
{[%clk 0:37:47]} 34. Bh5 {[%clk 0:13:29]} a4 {[%clk 0:34:10]} 35. Be8
{[%clk 0:09:36]} Ra8 {[%clk 0:29:48]} 36. Bb5 {[%clk 0:10:00]} Rxh8
{[%clk 0:30:13]} 37. Rxh8 {[%clk 0:10:27]} Kf6 {[%clk 0:30:13]} 38. Re8
{[%clk 0:09:33]} Rg4 {[%clk 0:30:33]} 39. Kf2 {[%clk 0:09:16]} Rd4
{[%clk 0:26:03]} 40. Ke2 {[%clk 0:08:19]} Rg4 {[%clk 0:26:18]} 41. Kf3
{[%clk 0:08:29]} Rd4 {[%clk 0:26:42]} 42. Re2 {[%clk 0:07:47]} Kf5
{[%clk 0:26:24]} 43. Rf2 {[%clk 0:02:47]} Rd3+ {[%clk 0:17:50]} 44. Ke2+
{[%clk 0:03:07]} Ke4 {[%clk 0:17:59]} 45. Rf6 {[%clk 0:02:34]} Re3+
{[%clk 0:15:37]} 46. Kd2 {[%clk 0:01:41]} Kd4 {[%clk 0:14:04]} 47. Rf3
{[%clk 0:00:58]} Re7 {[%clk 0:12:54]} 48. Rf4+ {[%clk 0:01:11]} Ne4+
{[%clk 0:11:50]} 49. Ke2 {[%clk 0:01:37]} Rg7 {[%clk 0:12:01]} 50. g4
{[%clk 0:00:59]} Rh7 {[%clk 0:11:41]} 51. Bxa4 {[%clk 0:01:00]} Rh2+
{[%clk 0:09:54]} 52. Kd1 {[%clk 0:01:26]} Ke3 {[%clk 0:08:30]} 53. Rf7
{[%clk 0:01:02]} Nf2+ {[%clk 0:08:30]} 54. Kc2 {[%clk 0:00:58]} Nd3+
{[%clk 0:05:22]} 55. Kc3 {[%clk 0:01:09]} Nxb2 {[%clk 0:05:35]} 56. Re7+
{[%clk 0:01:17]} Kf4 {[%clk 0:05:59]} 57. Bc2 {[%clk 0:01:32]} Nxc4
{[%clk 0:03:22]} 58. Re4+ {[%clk 0:01:55]} Kg5 {[%clk 0:03:44]} 59. Rxc4
{[%clk 0:02:21]} b5 {[%clk 0:04:06]} 60. Rb4 {[%clk 0:02:39]} Rh3+
{[%clk 0:04:27]} 61. Bd3 {[%clk 0:02:57]} Rg3 {[%clk 0:04:51]} 62. Rd4
{[%clk 0:02:48]} Kf6 {[%clk 0:05:02]} 63. Rf4+ {[%clk 0:03:02]} Kg5
{[%clk 0:05:20]} 64. Re4 {[%clk 0:03:24]} Rg2 {[%clk 0:05:23]} 65. Be2
{[%clk 0:03:24]} Rg1 {[%clk 0:05:34]} 66. Bxb5 {[%clk 0:03:45]} 1-0

[Event "8e Open de Porticcio"]
[Site "?"]
[Date "2023.07.01"]
[Round "1.2"]
[White "Vidic, Teja"]
[Black "Peng, Li Min"]
[Result "1-0"]
[BlackElo "2535"]
[WhiteElo "2099"]
[LiveChessVersion "1.4.6"]

1. e4 {[%clk 1:30:58]} g6 {[%clk 1:26:06]} 2. d4 {[%clk 1:31:21]} Bg7
{[%clk 1:26:29]} 3. Nc3 {[%clk 1:31:45]} d6 {[%clk 1:26:49]} 4. Be3
{[%clk 1:29:47]} a6 {[%clk 1:25:28]} 5. Qd2 {[%clk 1:27:53]} b5 {[%clk 1:22:53]}
6. O-O-O {[%clk 1:27:25]} Bb7 {[%clk 1:23:13]} 7. f3 {[%clk 1:26:42]} Nd7
{[%clk 1:23:36]} 8. h4 {[%clk 1:25:40]} h6 {[%clk 1:23:58]} 9. Kb1
{[%clk 1:21:19]} c5 {[%clk 1:22:59]} 10. dxc5 {[%clk 1:16:41]} dxc5
{[%clk 1:23:13]} 11. Nxb5 {[%clk 1:03:57]} axb5 {[%clk 1:20:40]} 12. Bxb5
{[%clk 1:04:21]} Bc8 {[%clk 1:06:35]} 13. Ne2 {[%clk 0:43:55]} Qc7
{[%clk 0:56:50]} 14. Nc3 {[%clk 0:39:24]} Ngf6 {[%clk 0:48:20]} 15. g4
{[%clk 0:35:59]} Kf8 {[%clk 0:47:48]} 16. g5 {[%clk 0:29:04]} hxg5
{[%clk 0:47:45]} 17. hxg5 {[%clk 0:29:29]} Rxh1 {[%clk 0:48:11]} 18. Rxh1
{[%clk 0:29:53]} Ne8 {[%clk 0:46:26]} 19. Rd1 {[%clk 0:22:26]} Rb8
{[%clk 0:41:40]} 20. Bf4 {[%clk 0:15:32]} Nd6 {[%clk 0:42:05]} 21. Nd5
{[%clk 0:10:20]} Nxb5 {[%clk 0:42:30]} 22. Qe3 {[%clk 0:06:26]} Qa5
{[%clk 0:30:41]} 23. Bxb8 {[%clk 0:06:32]} Nxb8 {[%clk 0:31:08]} 24. Qxc5
{[%clk 0:05:35]} Bd7 {[%clk 0:26:00]} 25. Qxe7+ {[%clk 0:04:13]} Kg8
{[%clk 0:26:27]} 26. Nf6+ {[%clk 0:03:39]} Bxf6 {[%clk 0:26:53]} 27. Qxf6
{[%clk 0:03:27]} Nc6 {[%clk 0:25:16]} 28. Rh1 {[%clk 0:03:27]} Bh3
{[%clk 0:25:41]} 29. Qxc6 {[%clk 0:03:29]} Qb4 {[%clk 0:26:09]} 30. Qe8+
{[%clk 0:02:36]} Kg7 {[%clk 0:26:38]} 31. Qe5+ {[%clk 0:03:00]} Kg8
{[%clk 0:25:22]} 32. c3 {[%clk 0:03:21]} Qa4 {[%clk 0:24:20]} 33. Qh2
{[%clk 0:02:25]} 1-0

[Event "8e Open de Porticcio"]
[Site "?"]
[Date "2023.07.01"]
[Round "1.3"]
[White "Krasenkow, Michal"]
[Black "Vemparala, Nikash"]
[Result "1-0"]
[BlackElo "2096"]
[WhiteElo "2524"]
[LiveChessVersion "1.4.6"]

1. Nf3 {[%clk 1:30:54]} d5 {[%clk 1:30:36]} 2. d4 {[%clk 1:31:23]} Nf6
{[%clk 1:30:57]} 3. c4 {[%clk 1:31:45]} e6 {[%clk 1:31:08]} 4. g3
{[%clk 1:31:50]} h6 {[%clk 1:31:23]} 5. Bg2 {[%clk 1:32:04]} Bd6 {[%clk 1:31:13]}
6. O-O {[%clk 1:32:08]} O-O {[%clk 1:31:19]} 7. Nc3 {[%clk 1:27:03]} Nc6
{[%clk 1:31:19]} 8. b3 {[%clk 1:21:09]} Re8 {[%clk 1:31:29]} 9. Bb2
{[%clk 1:21:04]} dxc4 {[%clk 1:22:37]} 10. bxc4 {[%clk 1:21:21]} e5
{[%clk 1:22:51]} 11. Nd5 {[%clk 1:09:31]} Bf5 {[%clk 1:09:07]} 12. Nxf6+
{[%clk 1:02:12]} Qxf6 {[%clk 1:08:00]} 13. c5 {[%clk 1:01:36]} e4
{[%clk 1:00:24]} 14. cxd6 {[%clk 0:56:43]} exf3 {[%clk 1:00:20]} 15. Bxf3
{[%clk 0:57:03]} Qxd6 {[%clk 0:59:32]} 16. d5 {[%clk 0:53:54]} Ne5
{[%clk 0:57:48]} 17. Bg2 {[%clk 0:54:18]} Qb4 {[%clk 0:50:38]} 18. Qd4
{[%clk 0:40:24]} Qxd4 {[%clk 0:49:49]} 19. Bxd4 {[%clk 0:40:53]} Nc4
{[%clk 0:49:11]} 20. Rac1 {[%clk 0:34:22]} b5 {[%clk 0:45:44]} 21. d6
{[%clk 0:33:40]} cxd6 {[%clk 0:41:16]} 22. Bxa8 {[%clk 0:33:52]} Rxa8
{[%clk 0:41:40]} 23. f3 {[%clk 0:33:41]} a6 {[%clk 0:40:07]} 24. e4
{[%clk 0:32:14]} Bd7 {[%clk 0:40:13]} 25. g4 {[%clk 0:27:23]} Re8
{[%clk 0:37:51]} 26. Rfd1 {[%clk 0:27:27]} Bc6 {[%clk 0:36:49]} 27. Bf2
{[%clk 0:26:43]} Bb7 {[%clk 0:35:14]} 28. Bg3 {[%clk 0:25:12]} Re6
{[%clk 0:35:02]} 29. Rd4 {[%clk 0:25:27]} Kf8 {[%clk 0:33:25]} 30. a4
{[%clk 0:24:27]} Ke8 {[%clk 0:30:59]} 31. axb5 {[%clk 0:24:19]} axb5
{[%clk 0:31:16]} 32. Rb1 {[%clk 0:24:18]} Bc6 {[%clk 0:31:15]} 33. Ra1
{[%clk 0:24:40]} Ke7 {[%clk 0:28:39]} 34. Ra7+ {[%clk 0:24:40]} Bd7
{[%clk 0:29:02]} 35. f4 {[%clk 0:24:13]} g6 {[%clk 0:27:03]} 36. f5
{[%clk 0:24:28]} Re5 {[%clk 0:27:23]} 37. Rxc4 {[%clk 0:17:57]} bxc4
{[%clk 0:27:31]} 38. Bxe5 {[%clk 0:18:23]} dxe5 {[%clk 0:27:55]} 39. Rc7
{[%clk 0:18:50]} c3 {[%clk 0:26:41]} 40. Rxc3 {[%clk 0:19:13]} gxf5
{[%clk 0:26:36]} 41. gxf5 {[%clk 0:16:53]} Kf6 {[%clk 0:26:26]} 42. Kf2
{[%clk 0:17:17]} Ba4 {[%clk 0:26:14]} 43. Ke3 {[%clk 0:16:23]} Bb5
{[%clk 0:26:21]} 44. Rb3 {[%clk 0:15:57]} Bf1 {[%clk 0:24:47]} 45. h4
{[%clk 0:14:49]} Bh3 {[%clk 0:20:41]} 46. Rb2 {[%clk 0:13:02]} h5
{[%clk 0:16:56]} 47. Rf2 {[%clk 0:10:44]} Bg4 {[%clk 0:15:11]} 48. Kd3
{[%clk 0:11:01]} Bd1 {[%clk 0:13:38]} 49. Kc4 {[%clk 0:11:13]} Kg7
{[%clk 0:11:31]} 50. Kd5 {[%clk 0:11:17]} f6 {[%clk 0:11:57]} 51. Rb2
{[%clk 0:11:32]} Bf3 {[%clk 0:12:08]} 52. Rb3 {[%clk 0:11:09]} Bd1
{[%clk 0:12:06]} 53. Rb7+ {[%clk 0:11:33]} Kh6 {[%clk 0:12:17]} 54. Ke6
{[%clk 0:11:50]} Bf3 {[%clk 0:12:30]} 55. Kxf6 {[%clk 0:12:16]} Bxe4
{[%clk 0:12:56]} 56. Rb8 {[%clk 0:12:30]} 1-0

[Event "8e Open de Porticcio"]
[Site "?"]
[Date "2023.07.01"]
[Round "1.4"]
[White "Houhou, Alexandre"]
[Black "Can, Isik"]
[Result "0-1"]
[BlackElo "2512"]
[WhiteElo "2095"]
[LiveChessVersion "1.4.6"]

1. e4 {[%clk 1:28:20]} c5 {[%clk 1:30:45]} 2. Nf3 {[%clk 1:28:46]} d6
{[%clk 1:31:11]} 3. d4 {[%clk 1:29:09]} cxd4 {[%clk 1:31:36]} 4. Nxd4
{[%clk 1:29:18]} Nf6 {[%clk 1:32:00]} 5. Nc3 {[%clk 1:29:46]} a6 {[%clk 1:32:25]}
6. Be2 e5 {[%clk 1:32:49]} 7. Nb3 {[%clk 1:27:37]} Be7 {[%clk 1:32:39]} 8. O-O
{[%clk 1:28:02]} O-O {[%clk 1:33:05]} 9. Be3 {[%clk 1:28:31]} Be6
{[%clk 1:33:29]} 10. Qd3 {[%clk 1:28:08]} Nbd7 {[%clk 1:33:53]} 11. Nd5
{[%clk 1:28:34]} Bxd5 {[%clk 1:34:19]} 12. exd5 {[%clk 1:29:00]} Ne8
{[%clk 1:34:44]} 13. c4 {[%clk 1:27:04]} a5 {[%clk 1:34:29]} 14. Rac1
{[%clk 1:22:13]} a4 {[%clk 1:17:45]} 15. Na1 {[%clk 1:17:15]} Nc5
{[%clk 1:13:58]} 16. Qd2 {[%clk 1:13:01]} f5 {[%clk 1:06:02]} 17. f3
{[%clk 1:09:02]} f4 {[%clk 0:59:00]} 18. Bf2 {[%clk 1:09:22]} e4 {[%clk 0:56:25]}
19. Bxc5 {[%clk 1:02:33]} dxc5 {[%clk 0:54:56]} 20. fxe4 {[%clk 1:01:54]} Bd6
{[%clk 0:54:41]} 21. Nc2 {[%clk 0:49:42]} Be5 {[%clk 0:50:21]} 22. Rb1
{[%clk 0:46:22]} Ra6 {[%clk 0:47:28]} 23. Ne1 {[%clk 0:44:57]} Bd4+
{[%clk 0:43:13]} 24. Kh1 {[%clk 0:44:33]} Be3 {[%clk 0:40:30]} 25. Qd3
{[%clk 0:43:14]} Rh6 {[%clk 0:40:08]} 26. Bg4 {[%clk 0:38:17]} Qh4
{[%clk 0:27:33]} 27. Be6+ {[%clk 0:36:05]} Kh8 {[%clk 0:28:03]} 28. Nf3
{[%clk 0:31:30]} Qh5 {[%clk 0:26:24]} 29. h3 {[%clk 0:15:26]} Nf6
{[%clk 0:21:32]} 30. e5 {[%clk 0:14:28]} Ne8 {[%clk 0:20:24]} 31. Rbd1
{[%clk 0:08:24]} g5 {[%clk 0:19:42]} 32. Nh2 {[%clk 0:08:45]} Bd4
{[%clk 0:19:46]} 33. Ng4 {[%clk 0:08:48]} Rg6 {[%clk 0:19:47]} 34. Bf5
{[%clk 0:08:25]} Rb6 {[%clk 0:19:27]} 35. b3 {[%clk 0:04:15]} axb3
{[%clk 0:19:04]} 36. axb3 {[%clk 0:04:44]} Qh4 {[%clk 0:19:04]} 37. e6
{[%clk 0:02:29]} Ng7 {[%clk 0:17:50]} 38. e7 {[%clk 0:02:46]} Re8
{[%clk 0:17:23]} 39. Qe4 {[%clk 0:02:38]} Rxb3 {[%clk 0:14:02]} 40. Rxd4
{[%clk 0:03:01]} cxd4 {[%clk 0:13:27]} 41. Nf6 {[%clk 0:00:43]} Re3
{[%clk 0:13:01]} 42. Qc2 {[%clk 0:00:34]} R8xe7 {[%clk 0:07:28]} 43. Be4
{[%clk 0:00:32]} g4 {[%clk 0:06:20]} 44. Nxg4 {[%clk 0:00:33]} R3xe4
{[%clk 0:06:43]} 45. d6 {[%clk 0:00:55]} Re1 {[%clk 0:07:09]} 0-1

[Event "8e Open de Porticcio"]
[Site "?"]
[Date "2023.07.01"]
[Round "1.5"]
[White "Degraeve, Remy"]
[Black "Bouslimi, Nabil"]
[Result "1-0"]
[BlackElo "2087"]
[WhiteElo "2467"]
[LiveChessVersion "1.4.6"]

1. e4 e6 2. d4 d5 3. e5 c5 4. c3 Nc6 5. Nf3 Bd7 6. Be2 f6 7. O-O fxe5 8. Nxe5
Nxe5 9. dxe5 Qc7 10. Re1 Ne7 11. c4 O-O-O 12. Nc3 Qxe5 13. cxd5 Nxd5 14. Bg4 Qd4
15. Qxd4 cxd4 16. Nxd5 exd5 17. Bf4 b6 18. Rac1+ Bc5 19. Be2 Rde8 20. b4 d3 21.
bxc5 Rxe2 22. cxb6+ Rc2 23. Rb1 Kb7 24. bxa7+ Kxa7 25. Rb3 d2 26. Reb1 Rc1+ 27.
Rxc1 dxc1=Q+ 28. Bxc1 Re8 29. Be3+ Ka6 30. Rb6+ Ka5 31. Rb7 Re7 32. h3 Rf7 33.
Kh2 Ka4 34. Bc5 Be8 35. Rb8 Bc6 36. Rb6 Bb5 37. g4 Bc4 38. a3 Rc7 39. Rb4+ 1-0

[Event "8e Open de Porticcio"]
[Site "?"]
[Date "2023.07.01"]
[Round "1.6"]
[White "Podvin, Antoine"]
[Black "Rakotomaharo, Fy Antenaina"]
[Result "0-1"]
[BlackElo "2463"]
[WhiteElo "2081"]
[LiveChessVersion "1.4.6"]

1. d4 {[%clk 1:30:57]} Nf6 {[%clk 1:30:32]} 2. c4 {[%clk 1:30:42]} e6
{[%clk 1:30:53]} 3. Nc3 {[%clk 1:31:07]} d5 {[%clk 1:31:15]} 4. cxd5
{[%clk 1:31:31]} exd5 {[%clk 1:30:16]} 5. Bg5 {[%clk 1:31:52]} c6
{[%clk 1:30:41]} 6. e3 {[%clk 1:32:15]} h6 {[%clk 1:31:05]} 7. Bh4
{[%clk 1:32:40]} Be7 {[%clk 1:31:24]} 8. Bd3 {[%clk 1:32:52]} O-O
{[%clk 1:31:43]} 9. Nge2 {[%clk 1:32:42]} Re8 {[%clk 1:31:55]} 10. O-O
{[%clk 1:32:57]} a5 {[%clk 1:32:02]} 11. f3 {[%clk 1:31:57]} c5 {[%clk 1:32:04]}
12. Rc1 {[%clk 1:29:30]} Nc6 {[%clk 1:30:18]} 13. Bb1 {[%clk 1:25:35]} Be6
{[%clk 1:21:45]} 14. Bxf6 {[%clk 1:12:55]} Bxf6 {[%clk 1:22:07]} 15. dxc5
{[%clk 1:12:55]} d4 {[%clk 1:10:13]} 16. Ne4 {[%clk 1:04:36]} dxe3
{[%clk 1:09:46]} 17. Nd6 {[%clk 1:04:19]} Bxb2 {[%clk 1:07:35]} 18. Qc2
{[%clk 0:57:53]} Bxc1 {[%clk 1:07:48]} 19. Qh7+ {[%clk 0:58:15]} Kf8
{[%clk 1:08:14]} 20. Rxc1 {[%clk 0:57:59]} Qg5 {[%clk 1:02:58]} 21. f4
{[%clk 0:48:09]} Qg4 {[%clk 1:00:05]} 22. Ng3 {[%clk 0:43:38]} Nd4
{[%clk 0:59:48]} 23. Bf5 {[%clk 0:37:14]} Ne2+ {[%clk 0:48:07]} 24. Nxe2
{[%clk 0:36:46]} Qxe2 {[%clk 0:48:33]} 25. Qh8+ {[%clk 0:23:47]} Ke7
{[%clk 0:48:45]} 26. Nxe8 {[%clk 0:22:03]} Qf2+ {[%clk 0:48:42]} 27. Kh1
{[%clk 0:22:29]} e2 {[%clk 0:49:08]} 0-1

[Event "8e Open de Porticcio"]
[Site "?"]
[Date "2023.07.01"]
[Round "1.7"]
[White "Relange, Eloi"]
[Black "Utrera, Ludovic"]
[Result "1/2-1/2"]
[BlackElo "2080"]
[WhiteElo "2462"]
[LiveChessVersion "1.4.6"]

1. Nf3 {[%clk 1:30:52]} Nf6 2. d4 {[%clk 1:30:43]} g6 {[%clk 1:30:15]} 3. c4
{[%clk 1:30:51]} Bg7 {[%clk 1:31:06]} 4. Nc3 {[%clk 1:31:11]} O-O
{[%clk 1:31:27]} 5. e4 {[%clk 1:31:32]} d6 {[%clk 1:31:45]} 6. Be2
{[%clk 1:31:55]} Nbd7 {[%clk 1:31:54]} 7. O-O {[%clk 1:31:47]} e5
{[%clk 1:32:17]} 8. Be3 {[%clk 1:27:12]} Qe7 {[%clk 1:32:40]} 9. Qc2
{[%clk 1:20:06]} exd4 {[%clk 1:25:12]} 10. Nxd4 {[%clk 1:18:56]} Re8
{[%clk 1:25:22]} 11. Rfe1 {[%clk 1:10:35]} c5 {[%clk 1:17:41]} 12. Ndb5
{[%clk 1:05:39]} Ne5 {[%clk 1:12:36]} 13. Rad1 {[%clk 0:54:56]} Rd8
{[%clk 1:11:13]} 14. Bg5 {[%clk 0:49:29]} Be6 {[%clk 1:04:23]} 15. f4
{[%clk 0:42:31]} Nc6 {[%clk 0:54:30]} 16. Nd5 {[%clk 0:35:55]} Bxd5
{[%clk 0:53:14]} 17. exd5 {[%clk 0:32:49]} Qe3+ {[%clk 0:47:54]} 18. Kf1
{[%clk 0:31:44]} Nb4 {[%clk 0:46:53]} 19. Qc1 {[%clk 0:30:34]} Qxc1
{[%clk 0:39:17]} 20. Rxc1 {[%clk 0:30:59]} Nxa2 {[%clk 0:39:11]} 21. Ra1
{[%clk 0:31:18]} Nb4 {[%clk 0:39:37]} 22. Rxa7 {[%clk 0:31:20]} Rxa7
{[%clk 0:40:03]} 23. Nxa7 {[%clk 0:31:40]} Ra8 {[%clk 0:38:26]} 24. Bxf6
{[%clk 0:25:49]} Rxa7 {[%clk 0:36:01]} 25. Bc3 {[%clk 0:23:35]} Nc2
{[%clk 0:35:56]} 26. Rc1 {[%clk 0:21:55]} Nd4 {[%clk 0:36:05]} 27. Bd3
{[%clk 0:21:45]} Nb3 {[%clk 0:32:26]} 28. Re1 {[%clk 0:18:55]} Ra1
{[%clk 0:28:44]} 29. Rxa1 {[%clk 0:17:01]} Nxa1 {[%clk 0:29:10]} 30. Ke2
{[%clk 0:15:03]} Nb3 {[%clk 0:29:11]} 31. Bc2 {[%clk 0:12:13]} Nd4+
{[%clk 0:29:18]} 32. Bxd4 {[%clk 0:09:04]} Bxd4 {[%clk 0:29:34]} 33. b3
{[%clk 0:09:31]} Bf6 {[%clk 0:29:57]} 34. Kf3 {[%clk 0:09:56]} Bd4
{[%clk 0:30:22]} 35. Ke2 {[%clk 0:10:23]} Bf6 {[%clk 0:30:49]} 36. Kf3
{[%clk 0:10:50]} Bd4 {[%clk 0:31:15]} 37. Ke2 {[%clk 0:11:17]} Bf6
{[%clk 0:31:43]} 38. Kf3 {[%clk 0:11:44]} 1/2-1/2

[Event "8e Open de Porticcio"]
[Site "?"]
[Date "2023.07.01"]
[Round "1.8"]
[White "Vita, Fabrizio"]
[Black "Nevednichy, Vladislav"]
[Result "0-1"]
[BlackElo "2453"]
[WhiteElo "2076"]
[LiveChessVersion "1.4.6"]

1. Nf3 {[%clk 1:27:15]} c5 {[%clk 1:30:43]} 2. c4 {[%clk 1:27:33]} g6
{[%clk 1:31:09]} 3. Nc3 {[%clk 1:27:57]} Bg7 {[%clk 1:31:31]} 4. e3
{[%clk 1:28:12]} Nc6 {[%clk 1:31:15]} 5. d4 {[%clk 1:28:36]} d6 {[%clk 1:31:42]}
6. h3 {[%clk 1:28:04]} Nf6 {[%clk 1:28:10]} 7. d5 {[%clk 1:27:39]} Na5
{[%clk 1:28:29]} 8. Bd3 {[%clk 1:27:20]} O-O {[%clk 1:28:51]} 9. O-O
{[%clk 1:27:23]} e5 {[%clk 1:28:05]} 10. dxe6 {[%clk 1:22:20]} Bxe6
{[%clk 1:27:43]} 11. Qe2 {[%clk 1:18:00]} d5 {[%clk 1:28:04]} 12. cxd5
{[%clk 1:16:57]} Nxd5 {[%clk 1:27:40]} 13. Nxd5 {[%clk 1:10:09]} Bxd5
{[%clk 1:25:04]} 14. e4 {[%clk 1:08:26]} Re8 {[%clk 1:20:13]} 15. Qc2
{[%clk 0:57:45]} Bc6 {[%clk 1:18:15]} 16. Bg5 {[%clk 0:53:36]} Qb6
{[%clk 1:16:53]} 17. b3 {[%clk 0:39:33]} Bb5 {[%clk 1:08:31]} 18. Bxb5
{[%clk 0:38:24]} Qxb5 {[%clk 1:08:58]} 19. Rac1 {[%clk 0:36:42]} b6
{[%clk 1:07:31]} 20. Rfe1 {[%clk 0:36:18]} Nc6 {[%clk 1:07:31]} 21. Qd2
{[%clk 0:34:35]} Re6 {[%clk 1:00:16]} 22. Bh6 {[%clk 0:24:59]} Nd4
{[%clk 0:57:41]} 23. Bxg7 {[%clk 0:22:41]} Nxf3+ {[%clk 0:58:06]} 24. gxf3
{[%clk 0:23:05]} Kxg7 {[%clk 0:58:35]} 25. Red1 {[%clk 0:21:41]} Qe8
{[%clk 0:49:22]} 26. Rc3 {[%clk 0:17:17]} Qe7 {[%clk 0:48:22]} 27. Qf4
{[%clk 0:15:39]} Rd8 {[%clk 0:46:53]} 28. Rcd3 {[%clk 0:15:48]} Rxd3
{[%clk 0:47:19]} 29. Rxd3 {[%clk 0:16:10]} Rc6 {[%clk 0:46:03]} 30. Kg2
{[%clk 0:12:37]} c4 {[%clk 0:40:49]} 31. bxc4 {[%clk 0:12:47]} Rxc4
{[%clk 0:41:13]} 32. Qd2 {[%clk 0:11:09]} Rc5 {[%clk 0:38:55]} 33. Rd5
{[%clk 0:09:37]} h6 {[%clk 0:38:05]} 34. Kf1 {[%clk 0:08:43]} Qf6
{[%clk 0:32:45]} 35. Rd7 {[%clk 0:05:45]} Qa1+ {[%clk 0:26:43]} 36. Kg2
{[%clk 0:05:32]} Rg5+ {[%clk 0:27:04]} 0-1

[Event "8e Open de Porticcio"]
[Site "?"]
[Date "2023.07.02"]
[Round "2.1"]
[White "Collutiis, Duilio"]
[Black "Fedorchuk, Sergey A."]
[Result "1/2-1/2"]
[BlackElo "2589"]
[WhiteElo "2341"]
[LiveChessVersion "1.4.6"]

1. d4 {[%clk 1:30:49]} Nf6 {[%clk 1:30:38]} 2. Bg5 {[%clk 1:31:09]} e6
{[%clk 1:30:35]} 3. Nd2 {[%clk 1:30:59]} c5 {[%clk 1:27:14]} 4. e3
{[%clk 1:31:22]} cxd4 {[%clk 1:26:41]} 5. exd4 {[%clk 1:31:44]} Be7
{[%clk 1:26:56]} 6. Ngf3 {[%clk 1:31:25]} b6 {[%clk 1:27:01]} 7. c3
{[%clk 1:30:37]} O-O {[%clk 1:26:26]} 8. Bd3 {[%clk 1:30:03]} Ba6
{[%clk 1:25:18]} 9. Qe2 {[%clk 1:27:44]} Bxd3 {[%clk 1:18:15]} 10. Qxd3
{[%clk 1:28:04]} Nc6 {[%clk 1:18:40]} 11. O-O {[%clk 1:16:10]} Nd5
{[%clk 1:15:25]} 12. Bxe7 {[%clk 1:15:58]} Ncxe7 {[%clk 1:15:27]} 13. c4
{[%clk 1:11:10]} Nf6 {[%clk 1:06:03]} 14. b4 {[%clk 1:10:18]} d6 {[%clk 1:05:19]}
15. Rfe1 {[%clk 1:08:21]} Qc7 {[%clk 1:04:52]} 16. Rac1 {[%clk 0:58:08]} Qb7
{[%clk 1:01:27]} 17. a3 {[%clk 0:55:52]} Rac8 {[%clk 1:01:04]} 18. Qb3
{[%clk 0:53:38]} Rc7 {[%clk 1:00:51]} 19. Rc2 {[%clk 0:49:08]} h6
{[%clk 0:59:07]} 20. a4 {[%clk 0:48:40]} Rfc8 {[%clk 0:58:29]} 21. Rb2
{[%clk 0:43:00]} Qc6 {[%clk 0:50:15]} 22. Qa3 {[%clk 0:39:28]} Qe8
{[%clk 0:50:15]} 23. b5 {[%clk 0:39:28]} Qd7 {[%clk 0:50:15]} 24. Rc2
{[%clk 0:39:28]} Qd8 {[%clk 0:50:41]} 25. a5 {[%clk 0:38:11]} Nf5
{[%clk 0:49:00]} 26. Rec1 {[%clk 0:37:00]} Rd7 {[%clk 0:46:01]} 27. h3
{[%clk 0:35:05]} Rdc7 {[%clk 0:42:13]} 28. axb6 {[%clk 0:30:48]} axb6
{[%clk 0:42:37]} 29. c5 {[%clk 0:31:10]} dxc5 {[%clk 0:37:47]} 30. dxc5
{[%clk 0:31:38]} Qd5 31. Nb3 {[%clk 0:24:42]} Ne4 {[%clk 0:37:23]} 32. c6
{[%clk 0:24:06]} Ned6 {[%clk 0:23:22]} 33. Rd2 {[%clk 0:16:59]} Qxb5
{[%clk 0:22:11]} 34. g4 {[%clk 0:14:46]} Nc4 {[%clk 0:13:25]} 35. Rxc4
{[%clk 0:15:06]} Qxc4 {[%clk 0:13:49]} 36. gxf5 {[%clk 0:15:26]} Qf4
{[%clk 0:09:28]} 37. Nbd4 {[%clk 0:15:42]} exf5 {[%clk 0:08:34]} 38. Qe3
{[%clk 0:11:31]} Qe4 {[%clk 0:08:16]} 39. Re2 {[%clk 0:09:25]} Qd5
{[%clk 0:07:38]} 40. Qe5 {[%clk 0:09:33]} Qxe5 {[%clk 0:04:52]} 41. Rxe5
{[%clk 0:09:54]} g6 {[%clk 0:05:09]} 42. Rb5 {[%clk 0:10:17]} Rxc6
{[%clk 0:05:10]} 43. Nxc6 {[%clk 0:10:36]} Rxc6 {[%clk 0:05:38]} 44. Kg2
{[%clk 0:06:16]} Kg7 {[%clk 0:05:54]} 45. h4 {[%clk 0:05:35]} h5 {[%clk 0:03:07]}
46. Kg3 {[%clk 0:05:13]} f6 {[%clk 0:02:26]} 47. Nd4 {[%clk 0:04:37]} Rd6
{[%clk 0:02:14]} 48. Ne2 {[%clk 0:04:01]} Rc6 {[%clk 0:00:54]} 49. f3
{[%clk 0:03:25]} Kf7 {[%clk 0:00:48]} 50. Nf4 {[%clk 0:03:46]} Kg7
{[%clk 0:01:08]} 51. Ne2 {[%clk 0:03:36]} Kf7 {[%clk 0:01:32]} 52. Nf4
{[%clk 0:03:36]} Kg7 {[%clk 0:01:55]} 53. Ne2 {[%clk 0:04:01]} Kf7
{[%clk 0:02:23]} 54. Nf4 {[%clk 0:04:26]} Kg7 {[%clk 0:02:49]} 1/2-1/2